[Event "CRO-chT2 Center"]
[Site "Zagreb"]
[Date "2005.04.03"]
[Round "1.4"]
[White "Lasic, Luka"]
[Black "Storga, Dalibor"]
[Result "1-0"]
[WhiteElo "2308"]
[BlackElo "2164"]
[PlyCount "171"]
[EventDate "2005.04.03"]
[EventType "team-tourn"]
[EventRounds "11"]
[EventCountry "CRO"]
[SourceTitle "EXT 2007"]
[Source "ChessBase"]
[SourceDate "2006.11.23"]
[SourceVersion "1"]
[SourceVersionDate "2006.11.23"]
[SourceQuality "1"]

1. d4 Nf6 2. c4 e6 3. Nf3 Bb4+ 4. Nbd2 Ne4 5. a3 Bxd2+ 6. Nxd2 Nxd2 7. Bxd2 f5 8. g3 d6 9. Bg2 0-0 10. e4 Qf6 11. Be3 fxe4 12. Bxe4 Nc6 13. Qd3 h6 14. f4 e5 15. fxe5 dxe5 16. d5 Nd4 17. Bxd4 exd4 18. 0-0-0 Bg4 19. Rd2 Rae8 20. Qxd4 Qxd4 21. Rxd4 Rxe4 22. Rxe4 Bf3 23. Rhe1 Bxe4 24. Rxe4 Rf2 25. Re7 Rf7 26. Rxf7 Kxf7 27. Kd2 Kf6 28. Ke3 Ke5 29. b4 b5 30. cxb5 Kxd5 31. Kd3 h5 32. h4 Ke5 33. Ke3 Kd5 34. Kf4 Kc4 35. Kg5 Kxb5 36. Kxh5 a5 37. Kg6 axb4 38. axb4 Kxb4 39. Kxg7 c5 40. h5 c4 41. h6 c3 42. h7 c2 43. h8Q c1Q 44. Qb8+ Ka3 45. Qd6+ Kb3 46. Qd5+ Ka3 47. Qf3+ Ka2 48. Qf7+ Ka3 49. Qe7+ Kb3 50. g4 Ka4 51. Qe4+ Ka3 52. Qe5 Qc8 53. Qe7+ Ka2 54. g5 Kb1 55. g6 Qc3+ 56. Qf6 Qc7+ 57. Qf7 Qe5+ 58. Kh7 Qh2+ 59. Kg8 Qb8+ 60. Qf8 Qb3+ 61. Kh7 Qb7+ 62. g7 Qh1+ 63. Kg8 Qd5+ 64. Qf7 Qd8+ 65. Kh7 Qh4+ 66. Kg6 Qg4+ 67. Kh6 Qh3+ 68. Qh5 Qe3+ 69. Kh7 Qe7 70. Qf5+ Kb2 71. Kg6 Qe8+ 72. Kh6 Qg8 73. Kg6 Qe8+ 74. Kh6 Qg8 75. Qf6+ Kc1 76. Qg5+ Kb2 77. Kg6 Qe8+ 78. Kh7 Qe4+ 79. Qg6 Qe7 80. Qg2+ Ka1 81. Qg4 Kb2 82. Qd4+ Kc1 83. Kh8 Qe8+ 84. g8Q Qh5+ 85. Kg7 Qg5+ 86. Kf8 1-0

[Event "CRO-Cup"]
[Site "Pula"]
[Date "1999.05.25"]
[Round "2"]
[White "Storga, Dalibor"]
[Black "Nikolic, Emil"]
[Result "0-1"]
[WhiteElo "2190"]
[BlackElo "2180"]
[PlyCount "86"]
[EventDate "1999.05.??"]
[EventType "team"]
[EventRounds "5"]
[EventCountry "CRO"]
[SourceTitle "CBM 070 Extra"]
[Source "ChessBase"]
[SourceDate "1999.07.10"]
[SourceVersion "1"]
[SourceVersionDate "1999.07.10"]
[SourceQuality "1"]

1. e4 c5 2. Nf3 e6 3. d3 Nc6 4. g3 d6 5. Bg2 Nf6 6. 0-0 Be7 7. Nc3 0-0 8. d4 cxd4 9. Nxd4 Bd7 10. Ndb5 Qb8 11. h3 a6 12. Nd4 Qc7 13. Nce2 Rac8 14. c3 b5 15. Re1 d5 16. exd5 Nxd5 17. Nf4 Nf6 18. Nxc6 Bxc6 19. Qe2 Bxg2 20. Kxg2 Rfd8 21. Kh2 Qc6 22. Be3 Bd6 23. Rad1 e5 24. Nd3 Nd5 25. a3 a5 26. Bc1 f6 27. Qg4 Qd7 28. Qxd7 Rxd7 29. f4 exf4 30. Nxf4 Bxf4 31. Bxf4 Rcd8 32. Bc1 Kf7 33. Kg1 a4 34. Kf2 Nb6 35. Rxd7+ Rxd7 36. Ke2 Nc4 37. Rd1 Rxd1 38. Kxd1 Ke6 39. Ke2 Kd5 40. Kd3 f5 41. Bf4 Nxb2+ 42. Kc2 Nc4 43. Bc1 Ke4 0-1

[Event "CRO-Cup"]
[Site "Pula"]
[Date "1994.??.??"]
[Round "1"]
[White "Kovacevic, Veljko"]
[Black "Storga, Dalibor"]
[Result "1-0"]
[WhiteElo "2365"]
[BlackElo "2215"]
[PlyCount "80"]
[EventDate "1994.??.??"]
[EventType "swiss"]
[EventRounds "5"]
[EventCountry "CRO"]
[SourceTitle "EXT 1997"]
[Source "ChessBase"]
[SourceDate "1996.11.15"]
[SourceVersion "1"]
[SourceVersionDate "1996.11.15"]
[SourceQuality "1"]

1. d4 Nf6 2. Nf3 d5 3. e3 Bg4 4. c4 c6 5. cxd5 Nxd5 6. e4 Bxf3 7. gxf3 Nb6 8. Nc3 e6 9. Be3 N8d7 10. f4 Qh4 11. Qf3 Bb4 12. a3 Bxc3+ 13. bxc3 0-0 14. Rg1 f5 15. e5 Nd5 16. Bd2 b5 17. a4 a6 18. Rg5 Rfb8 19. a5 Nf8 20. Bd3 Ra7 21. Kf1 Rf7 22. Kg1 Ng6 23. Rh5 Qd8 24. Kh1 Rbb7 25. Rg5 Rfd7 26. Rg3 Qh4 27. Rh3 Qd8 28. Qh5 Nf8 29. Bf1 Rb8 30. Kg2 Qe8 31. Qxe8 Rxe8 32. c4 Nc7 33. Be3 Red8 34. Rc1 Rb8 35. Be2 h6 36. Bf3 bxc4 37. Bxc6 Rdd8 38. Rxc4 Nb5 39. Rg3 Rbc8 40. d5 exd5 1-0

[Event "CRO Cup"]
[Site "Pula"]
[Date "1993.??.??"]
[Round "?"]
[White "Doric, Nenad"]
[Black "Storga, Dalibor"]
[Result "1-0"]
[WhiteElo "2250"]
[BlackElo "2235"]
[PlyCount "70"]
[EventDate "1993.??.??"]
[EventType "team"]
[EventRounds "5"]
[EventCountry "CRO"]
[SourceTitle "EXT 2000"]
[Source "ChessBase"]
[SourceDate "1999.11.16"]
[SourceVersion "1"]
[SourceVersionDate "1999.11.16"]
[SourceQuality "1"]

1. e4 e6 2. d4 d5 3. Nd2 Nc6 4. Ngf3 Nf6 5. e5 Nd7 6. Be2 f6 7. exf6 Qxf6 8. Nf1 Bd6 9. Ne3 0-0 10. 0-0 Nb6 11. Ng4 Qe7 12. Nge5 Nd7 13. Bd3 Bxe5 14. dxe5 Ncxe5 15. Nxe5 Nxe5 16. Bxh7+ Kxh7 17. Qh5+ Kg8 18. Qxe5 Rf5 19. Qe2 e5 20. Re1 e4 21. c4 c6 22. cxd5 cxd5 23. Be3 Bd7 24. Rac1 Bc6 25. Bd4 Qh4 26. Rc3 e3 27. Bxe3 d4 28. Qc4+ Rd5 29. Rd3 Rad8 30. Red1 dxe3 31. Qxh4 e2 32. Re1 Rxd3 33. Qc4+ R3d5 34. Rxe2 Kh7 35. h4 Re8 1-0